书目信息 |
| 题名: |
实用环境统计学
|
|
| 作者: | 奚元福 编著 | |
| 分册: | ||
| 出版信息: | 成都 四川科学技术出版社 1992.11 |
|
| 页数: | 326页 | |
| 开本: | 32开 | |
| 丛书名: | ||
| 单 册: | ||
| 中图分类: | X11 | |
| 科图分类: | ||
| 主题词: | 环境数学 | |
| 电子资源: | ||
| ISBN: | 7-5364-2488-4 | |
| 000 | 00549nam0 2200193 45 | |
| 001 | 0006130937 | |
| 005 | 20000619104924.3 | |
| 010 | @a7-5364-2488-4@d7.00元 | |
| 100 | @a20000613d1992 km y0chiy0120 ea | |
| 101 | 0 | @achi |
| 105 | @a z 000yy | |
| 200 | 1 | @a实用环境统计学@AShi Yong Huan Jing Tong Ji Xue@f奚元福编著@FXi Yuan Fu Bian Zhu |
| 210 | @a成都@c四川科学技术出版社@d1992.11 | |
| 215 | @a326页@d32开 | |
| 606 | 0 | @a环境数学 |
| 690 | @aX11@v3 | |
| 701 | 0 | @a奚元福@4编著 |
| 801 | @aCN@bPftUser@c20000613 | |
| 905 | @dX11@eX257@b204180-181@f2 | |
| 实用环境统计学/奚元福编著.-成都:四川科学技术出版社,1992.11 |
| 326页;32开 |
| ISBN 7-5364-2488-4:7.00元 |
| ● |
| 相关链接 |
|
|
|
正题名:实用环境统计学
索取号:X11/X257
 
预约/预借
| 序号 | 登录号 | 条形码 | 馆藏地/架位号 | 状态 | 备注 |
| 1 | 204180 | 202041806 | 自科库501/501自科库 92排2列4层/ [索取号:X11/X257] | 在馆 | |
| 2 | 204181 | 202041815 | 自科库501/501自科库 92排2列4层/ [索取号:X11/X257] | 在馆 |